Woman's role in economic development

Saved in:
Bibliographic Details
Main Author: Boserup, Ester
Format: Book
Language:English
Published: New York : St. Martin's , 1970
Subjects:
Tags: Add Tag
No Tags, Be the first to tag this record!

MARC

LEADER 00000nam a2200000 i 4500
001 1/7050
008 960723s1970 eng d
035 |l 10016569 
040 |a GR-MY-UA  |b gre  |e aacr 
041 0 |a eng 
082 0 |a 331.4091724 
100 1 |a Boserup, Ester. 
245 1 0 |a Woman's role in economic development /  |c Ester Boserup 
260 |a New York :   |b St. Martin's ,   |c 1970 
300 |a 283 p.  |b tabl., fig. 
504 |a Icludes index 
650 0 0 |a Women  |x Employment  |z Developing countries. 
650 0 0 |a Women  |z Developing countries. 
852 |a INST  |b LESVOS  |e 19960723  |h 331.4091724 BOS  |p 005100004440  |q 005100004440  |t BK  |y 0 
909 |a Λ  |b 009483